El dibujo en arquitectura : (Registro nro. 6020)

Detalles MARC
000 -LEADER
campo de control de longitud fija 01790cam a22004094a 4500
003 - IDENTIFICADOR DE NÚMERO DE CONTROL
campo de control PE-LiUPU
005 - FECHA Y HORA DE LA ÚLTIMA TRANSACCIÓN
campo de control 20250731183334.0
008 - DATOS DE LONGITUD FIJA--INFORMACIÓN GENERAL
campo de control de longitud fija s2010 sp a g m001 spa
020 ## - NÚMERO INTERNACIONAL ESTÁNDAR DEL LIBRO
Número Internacional Estándar del Libro 9788498014884
035 ## - NÚMERO DE CONTROL DEL SISTEMA
Número de control de sistema (Sirsi) i9788498014884
035 ## - NÚMERO DE CONTROL DEL SISTEMA
Número de control de sistema (Sirsi) 52049
035 ## - NÚMERO DE CONTROL DEL SISTEMA
Número de control de sistema (Sirsi) 52049
082 04 - NÚMERO DE LA CLASIFICACIÓN DECIMAL DEWEY
Número de clasificación 720.222
Cutter D44
100 1# - ENTRADA PRINCIPAL--NOMBRE DE PERSONA
Nombre de persona Dernie, David
245 13 - MENCIÓN DEL TÍTULO
Título El dibujo en arquitectura :
Resto del título técnicas tipos lugares /
Mención de responsabilidad, etc. David Dernie ; traducción Laura Molina García ; revisión técnica Josep M. Rovira Gimeno ; coordinación Cristina Rodríguez Fischer.
264 #1 - PRODUCCIÓN, PUBLICACIÓN, DISTRIBUCIÓN, FABRICACIÓN Y COPYRIGHT
Producción, publicación, distribución, fabricación y copyright Barcelona :
Nombre del de productor, editor, distribuidor, fabricante Art Blume,
Fecha de producción, publicación, distribución, fabricación o copyright 2010
300 ## - DESCRIPCIÓN FÍSICA
Extensión 208 páginas :
Otras características físicas ilustraciones,c y n. ;
Dimensiones 28 cm.
504 ## - NOTA DE BIBLIOGRAFÍA, ETC.
Nota de bibliografía, etc. Incluye bibliografía
500 ## - NOTA GENERAL
Nota general Título original: Architectural Drawing
505 0# - NOTA DE CONTENIDO CON FORMATO
Nota de contenido con formato Técnicas -- Introducción -- Línea -- Renderizado -- Técnicas mixtas -- Bocetos -- Planos -- Secciones y alzados -- Perspectivas axonométricas e isonométricas -- Perspectivas -- Dibujos realizados con scripts -- Lugares -- Introducción --
526 ## - NOTA DE INFORMACIÓN SOBRE EL PROGRAMA DE ESTUDIO
Nombre del programa Maestría Bim Facility Management (A distancia)
526 ## - NOTA DE INFORMACIÓN SOBRE EL PROGRAMA DE ESTUDIO
Nombre del programa
526 ## - NOTA DE INFORMACIÓN SOBRE EL PROGRAMA DE ESTUDIO
Nombre del programa Educación musical y artes
526 ## - NOTA DE INFORMACIÓN SOBRE EL PROGRAMA DE ESTUDIO
Nombre del programa Educación, especialidad educación física
526 ## - NOTA DE INFORMACIÓN SOBRE EL PROGRAMA DE ESTUDIO
Nombre del programa Arquitectura
596 ## -
-- 1
650 14 - PUNTO DE ACCESO ADICIONAL DE MATERIA--TÉRMINO DE MATERIA
Término de materia o nombre geográfico como elemento de entrada Dibujo arquitectónico.
700 1# - ENTRADA AGREGADA--NOMBRE PERSONAL
Nombre de persona Molina García, Laura
Término indicativo de función/relación tr.
700 1# - ENTRADA AGREGADA--NOMBRE PERSONAL
Nombre de persona Rovira i Gimeno, Josep M.,
Término indicativo de función/relación rev.
700 1# - ENTRADA AGREGADA--NOMBRE PERSONAL
Nombre de persona Rodríguez Fischer, Cristina,
Término indicativo de función/relación coord.
859 ## - INFORMACIÓN DE CONTROL LOCAL (RLIN)
-- 69437
910 ## - DATOS DE OPCIÓN DEL USUARIO (OCLC)
Datos de opción del usuario gl20131206
942 ## - ELEMENTOS DE ENTRADA SECUNDARIOS (KOHA)
Fuente del sistema de clasificación o colocación Clasificación Decimal Dewey
Tipo de ítem Koha
949 ## - PROCESAMIENTO DE INFORMACIÓN LOCAL (OCLC)
i 69437
l CCODEBUL1
m BUL
t LIBRO
o .STAFF. Colección General
999 ## - NÚMEROS DE CONTROL DE SISTEMA (KOHA)
-- DEWEY
-- 69437
-- 2017-6-15
-- 2021-11-9
-- 6
-- CCODEBUL1
-- BUL
-- 6
-- 53.00
-- 0
-- Y
-- BOOK
-- 2015-7-6
-- INGENIERIA
-- P06
-- COMPRA
-- .STAFF. Colección General
980 ## - EQUIVALENCIA O REFERENCIA-CRUZADA-MENCIÓN DE SERIE--NOMBRE DE PERSONA/TÍTULO [LOCAL, CANADÁ]
ID del último usuario que modificó el registro 1
Nombre del último usuario que modificó el registro ALBERTO SANCHEZ Responsable de Automatización
Existencias
Visto por última vez Número de inventario Total de préstamos Signatura topográfica completa Código de barras Fecha del último préstamo Copia número Coste, precio de reemplazo Fecha de reemplazo Facultad Tipo de ítem Koha Nota pública Estado de pérdida Fuente del sistema de clasificación o colocación Restricciones de uso No para préstamo Colección Programa académico Biblioteca de origen Biblioteca actual Ubicación en estantería Fecha de adquisición Fuente de adquisición Coste, precio normal de compra
2025-12-03 7 9 720.222 D44 69437 2024-06-21 e1 58.00 2015-07-06 FIA Libros físicos inventario-2023-12-13 No Perdido Clasificación Decimal Dewey No restringido Disponible para préstamos Colección General Arquitectura Biblioteca CRAI UPeU Lima Biblioteca CRAI UPeU Lima Sala principal 2015-07-06 COMPRA 53.00